Advances in molecular bioinformatics
Guardat en:
| Format: | Llibre |
|---|---|
| Idioma: | Undetermined |
| Publicat: |
Amsterdam
IOS press
1994
|
| Matèries: | |
| Etiquetes: |
Afegir etiqueta
Sense etiquetes, Sigues el primer a etiquetar aquest registre!
|
| Thư viện lưu trữ: | Trung tâm Học liệu Trường Đại học Cần Thơ |
|---|
| LEADER | 00465nam a2200169Ia 4500 | ||
|---|---|---|---|
| 001 | CTU_127221 | ||
| 008 | 210402s9999 xx 000 0 und d | ||
| 082 | |a 616.9 | ||
| 082 | |b A244 | ||
| 245 | 0 | |a Advances in molecular bioinformatics | |
| 245 | 0 | |c Edieted by S. Schulze-Kremer | |
| 260 | |a Amsterdam | ||
| 260 | |b IOS press | ||
| 260 | |c 1994 | ||
| 650 | |a Molecular bioinformatics | ||
| 904 | |i Hiếu | ||
| 980 | |a Trung tâm Học liệu Trường Đại học Cần Thơ | ||